Press and politics in the Punjab 1860-1905 / (Record no. 103915)

MARC details
000 -LEADER
fixed length control field 00607nam a22001937a 4500
005 - DATE AND TIME OF LATEST TRANSACTION
control field 20161006170421.0
010 ## - LCCN (DPL NO)
LC control number ENG-116186
020 ## - INTERNATIONAL STANDARD BOOK NUMBER
International Standard Book Number 9789385329029
Terms of availability 650.00
035 ## - SYSTEM CONTROL NUMBER
System control number EN-99718
037 ## - SOURCE OF ACQUISITION
Source of stock number/acquisition DBAD/PUB
082 ## - DEWEY DECIMAL CLASSIFICATION NUMBER
Classification number 079.54552
100 ## - MAIN ENTRY--PERSONAL NAME
Personal name Basra,Amrit Kaur
245 ## - TITLE STATEMENT
Title Press and politics in the Punjab 1860-1905 /
Statement of responsibility, etc by Amrit Kaur Basra
260 ## - PUBLICATION, DISTRIBUTION, ETC. (IMPRINT)
Place of publication, distribution, etc Delhi
Name of publisher, distributor, etc Shree Kala Prakashan
Date of publication, distribution, etc 2015
270 ## - ADDRESS
Address 42/43,U.B. Jawahar Nagar
City Delhi
Postal code 110007
300 ## - PHYSICAL DESCRIPTION
Extent xvi,197p.
Dimensions 21cm(Hb)
500 ## - GENERAL NOTE
General note Includes bibliographical references and index
942 ## - ADDED ENTRY ELEMENTS (KOHA)
Source of classification or shelving scheme Dewey Decimal Classification
Item type English Books
Classification part 079.54552
Call number suffix BAS
Holdings
Withdrawn status Lost status Not for loan Collection code Home library Current library Date acquired Source of acquisition Cost, normal purchase price Full call number Barcode Copy number Cost, replacement price Koha item type
      Non-fiction Shahdara Branch Shahdara Branch 06/10/2016 DBAD/PUB 650.00 079.54552 BAS EN-99718 1 650.00 English Books

© Delhi Public Library
Hit Counter
free hit counter